EFFECTIVE STRATEGIES FOR TEACHING ADULTS (Record no. 2312)
[ view plain ]
| 000 -LEADER | |
|---|---|
| fixed length control field | 00433nam a22001577a 4500 |
| 005 - DATE AND TIME OF LATEST TRANSACTION | |
| control field | 20241216113742.0 |
| 008 - FIXED-LENGTH DATA ELEMENTS--GENERAL INFORMATION | |
| fixed length control field | 241216b |||||||| |||| 00| 0 eng d |
| 020 ## - INTERNATIONAL STANDARD BOOK NUMBER | |
| International Standard Book Number | 067520632401 |
| 050 ## - LIBRARY OF CONGRESS CALL NUMBER | |
| Classification number | LC5219 |
| Item number | .S38 SEA |
| 100 ## - MAIN ENTRY--PERSONAL NAME | |
| Personal name | SEAMAN, DON F. |
| 245 ## - TITLE STATEMENT | |
| Title | EFFECTIVE STRATEGIES FOR TEACHING ADULTS |
| 260 ## - PUBLICATION, DISTRIBUTION, ETC. | |
| Place of publication, distribution, etc. | COLUMBUS |
| Name of publisher, distributor, etc. | MERRILL PUBLISHING COMPANY |
| Date of publication, distribution, etc. | c1989 |
| 300 ## - PHYSICAL DESCRIPTION | |
| Extent | viii, 189p |
| 700 ## - ADDED ENTRY--PERSONAL NAME | |
| Personal name | FELLENZ, A ROBERT |
| 942 ## - ADDED ENTRY ELEMENTS (KOHA) | |
| Source of classification or shelving scheme | Library of Congress Classification |
| Koha item type | Books |
| Suppress in OPAC | No |
| 999 ## - | |
| -- | 2312 |
| -- | 2312 |
| Withdrawn status | Lost status | Source of classification or shelving scheme | Damaged status | Not for loan | Collection | Home library | Current library | Shelving location | Date acquired | Total checkouts | Full call number | Barcode | Date last seen | Copy number | Price effective from | Koha item type |
|---|---|---|---|---|---|---|---|---|---|---|---|---|---|---|---|---|
| Library of Congress Classification | Non-fiction | Undergraduate Library (Christ Temple) | Undergraduate Library (Christ Temple) | General stacks | 12/16/2024 | LC5219.S38 SEA | ulct00000637 | 12/16/2024 | 1 | 12/16/2024 | Books |